00425nam a2200157Ia 4500008004100000020000700041082001600048100002000064245003200084250000700116260003600123300001800159500001900177600002100196650005000217240925s9999 xx 000 0 und d aNA a005.453 HOL aHolzner, Steven 0aAdvanced Assembly Language  aNA aLondon:bPrentice, Hallc,1994. a621p.bNAfNA aIncludes Index aComputer Science aComputer science, information & general works